000 00730nam a2200265Ia 4500
003 OSt
005 20220928125348.0
006 a|||||r|||| 00| 0
007 ta
008 220927b |||||||| |||| 00| 0 eng d
024 _a6984
037 _cTextual
040 _aSDCL
_cSDCL
_beng
041 _2eng
_aeng
082 _aB28931, P8
100 _aKorte Bernhard
_9469385
245 0 _aCombinatorial optimization
_b Theory and algorithms.
250 _a4
260 _aBerlin
_bSpringer
_c2008
300 _axvii,627p
_ccm.
490 _aAlgovithms and combinatorics
700 _a Vygen Jens
_9469386
942 _hB28931, P8
_cTEXL
_2CC
999 _c782045
_d782045